|
|
|
|
| LEADER |
00000nab a2200000 a 4500 |
| 001 |
vtls000918414 |
| 003 |
SK-MaSNL |
| 005 |
20260304053552.0 |
| 008 |
040720e19930722xo 0 slo |
| 035 |
|
|
|a KE27291
|
| 040 |
|
|
|a KEVKJB
|b slo
|c KEVKJB
|e AACR2
|
| 041 |
0 |
|
|a slo
|
| 044 |
|
|
|a xo
|c SK
|
| 080 |
|
|
|a 796.33
|2 1981
|
| 100 |
1 |
|
|a Šimčák, Štefan
|4 aut
|9 1018439
|
| 245 |
1 |
0 |
|a A pritiahli aj svet
|b Európski šampióni v nohejbale už druhýkrát Košičania
|
| 610 |
2 |
7 |
|a TJ, Košice
|2 KEVKJB
|9 1019276
|
| 611 |
1 |
7 |
|a majstrovstvá Európy
|2 KEVKJB
|9 877639
|
| 650 |
0 |
7 |
|a nohejbal
|2 KEVKJB
|9 21866
|
| 650 |
0 |
7 |
|a víťazstvo
|2 KEVKJB
|9 509578
|
| 650 |
0 |
7 |
|a priebeh
|2 KEVKJB
|9 29559
|
| 650 |
0 |
7 |
|a riporty
|2 KEVKJB
|9 877366
|
| 651 |
|
7 |
|a Rumunsko
|2 KEVKJB
|9 17409
|
| 651 |
|
7 |
|a KE,
|2 KEVKJB
|9 877256
|
| 655 |
|
7 |
|a periodikum
|2 snkbucl
|9 29553
|
| 710 |
2 |
|
|a TJ, Košice
|4 aut
|9 1019276
|
| 773 |
0 |
8 |
|t Lúč
|g Roč. 2, č.168, 22.7.1993, s. 11
|
| 852 |
|
|
|a ZVYKNI
|b KIS3GCP
|
| 999 |
|
|
|c 2714067
|d 2715997
|